000
00317nam a2200121Ia 4500
008
171205s9999 xx 000 0 und d
020
_a
9781473980990
100
_a
Dykes, Fiona Ballantine
245
_a
Counselling Skills and Studies
250
_a
2nd ed.
260
_b
SAGE Publications
_c
2017
300
_a
320 pages
999
_c
347383
_d
347383